00299nam a2200097Ia 4500008004100000041000800041100002700049245006900076260003700145999001900182241105s9999 xx 000 0 und d aeng aGokhale Shruti9182658 aAnalysis Of Alternatives For Bioclimatic Low Cost Housing Design bM.Arch Environmental, Punec2014 c360949d360949